000 00427cam a2200157ua 4500
003 OSt
008 250101b |||||||| |||| 00| 0 eng d
020 _a81-224-0072-8
041 _aeng
082 _a621.37
_bREI/EL
100 _aReissland, Martin U .
_96704
245 _aElectrical measurement: Fundamental concepts, applications /
260 _aNew Delhi :
_bWiley Eastern Ltd ,
_c1992.
300 _a340 ; .
942 _cBK
999 _c9365
_d9365